Cres Island - Croatia - Statistics

General Stats
  • This quiz has been taken 8 times
  • The average score is 14 of 23
Answers on the Map
Answers color-coded by a green-red scale on the quiz's map according to % correct below.
 
Answer Stats
Answer % Correct
Cres
100%
Beli
80%
Lubenice
80%
Merag
80%
Osor
80%
Porozina
80%
Vrana
80%
Dragozetići
60%
Ivanje
60%
Martinšćica
60%
Miholašćica
60%
Orlec
60%
Punta Križa
60%
Valun
60%
Zbičina
60%
Zbišina
60%
Belej
40%
Loznati
40%
Mali Podol
40%
Pernat
40%
Predošćica
40%
ustrine
40%
Vodice
40%
No matching quizzes found
Score Distribution
Percent of People with Each Score
Percentile by Number Answered
Your Score History
You have not taken this quiz